000 00621nam a2200229Ia 4500
003 OSt
005 20220926042401.0
006 a|||||r|||| 00| 0
007 ta
008 220923b |||||||| |||| 00| 0 eng d
037 _cGeneral Book
040 _aRTL
_cRTL
_beng
041 _2eng
_aeng
082 _aX72991:(Z2.N53):g, J6
100 _aThakore M M
_9346197
245 0 _aLaw relating to estate duty
260 _c1956
650 _aEstate Duty
_9243145
700 _a Jhala K D
_9346198
942 _hX72991:(Z2.N53):g, J6
_cGB
_2CC
999 _c669593
_d669593